The poky little puppy's first Christmas / (Record no. 1160)
[ view plain ]
| 000 -LEADER | |
|---|---|
| fixed length control field | 01034cam a22003013a 4500 |
| 005 - DATE AND TIME OF LATEST TRANSACTION | |
| control field | 20230908141611.0 |
| 020 ## - INTERNATIONAL STANDARD BOOK NUMBER | |
| International Standard Book Number | 0307960034X |
| 040 ## - CATALOGING SOURCE | |
| Original cataloging agency | MCP |
| Transcribing agency | MCP |
| Modifying agency | MnU |
| -- | DLC |
| Language of cataloging | eng |
| 050 00 - LIBRARY OF CONGRESS CALL NUMBER | |
| Classification number | PZ10.K84 |
| 082 ## - DEWEY DECIMAL CLASSIFICATION NUMBER | |
| Classification number | Fic |
| 100 1# - MAIN ENTRY--PERSONAL NAME | |
| Personal name | Korman, Justine. |
| 245 14 - TITLE STATEMENT | |
| Title | The poky little puppy's first Christmas / |
| Statement of responsibility, etc. | by Justine Korman ; illustrations by Jean Chandler. |
| 250 ## - EDITION STATEMENT | |
| Edition statement | 1st ed. |
| 260 ## - PUBLICATION, DISTRIBUTION, ETC. | |
| Place of publication, distribution, etc. | New York : |
| Name of publisher, distributor, etc. | Golden Books Publishing Company, Inc |
| Date of publication, distribution, etc. | 2002 |
| 300 ## - PHYSICAL DESCRIPTION | |
| Extent | 23 unnumbered pages: |
| Other physical details | color illustrations ; |
| Dimensions | 21 cm |
| 490 1# - SERIES STATEMENT | |
| Series statement | A Little golden book |
| 505 ## - FORMATTED CONTENTS NOTE | |
| Formatted contents note | F <br/> |
| 520 ## - SUMMARY, ETC. | |
| Summary, etc. | On his very first Christmas, the Poky Little Puppy makes a new friend and learns which gifts are the best Christmas gifts of all. |
| 521 ## - TARGET AUDIENCE NOTE | |
| Target audience note | 300 <br/> |
| Source | Lexile <br/> |
| 521 ## - TARGET AUDIENCE NOTE | |
| Target audience note | F <br/> |
| Source | Raz-Plus <br/> |
| 650 #0 - SUBJECT ADDED ENTRY--TOPICAL TERM | |
| Topical term or geographic name entry element | Dogs |
| Form subdivision | Juvenile fiction. |
| 650 #1 - SUBJECT ADDED ENTRY--TOPICAL TERM | |
| Topical term or geographic name entry element | Dogs |
| Form subdivision | Fiction. |
| 650 #1 - SUBJECT ADDED ENTRY--TOPICAL TERM | |
| Topical term or geographic name entry element | Christmas |
| Form subdivision | Fiction. |
| 700 1# - ADDED ENTRY--PERSONAL NAME | |
| Personal name | Chandler, Jean, |
| Dates associated with a name | 1927- |
| Relator term | illustrator. |
| 906 ## - LOCAL DATA ELEMENT F, LDF (RLIN) | |
| a | 7 |
| b | cbc |
| c | copycat |
| d | 4 |
| e | epcn |
| f | 20 |
| g | y-gencatlg |
| 942 ## - ADDED ENTRY ELEMENTS (KOHA) | |
| Source of classification or shelving scheme | Dewey Decimal Classification |
| Koha item type | Books |
| Suppress in OPAC | No |
| 999 ## - | |
| -- | 1160 |
| -- | 1160 |
| Withdrawn status | Lost status | Source of classification or shelving scheme | Damaged status | Not for loan | Collection | Home library | Current library | Shelving location | Date acquired | Total Checkouts | Full call number | Barcode | Date last seen | Date last checked out | Price effective from | Koha item type |
|---|---|---|---|---|---|---|---|---|---|---|---|---|---|---|---|---|
| Dewey Decimal Classification | Juvenile Fiction | Footprints International School Library Network Toul Kork Campus | Footprints International School Library Network Toul Kork Campus | 08/04/2023 | 2 | KOR Fic PZ10.K84 | FISBK00167 | 05/29/2025 | 05/08/2025 | 08/04/2023 | Books |
